Music Quiz

Random Music or Artist Quiz

Hair Bands with Audio Quiz Stats

Quiz not verified by Sporcle

Also try: Animal Bands
Challenge
Share
Tweet
Score 0/43 Timer 13:00
0 Plays Today
time band % Correct
00:00-00:15Poison
93.5%
03:35-03:43Mötley Crüe
89.6%
06:44-06:53Whitesnake
88.7%
05:04-05:13Guns N' Roses
87.9%
02:52-03:03Metallica
86.1%
02:21-02:36Def Leppard
85.3%
03:43-03:49Ratt
84.4%
06:04-06:20Aerosmith
82.7%
06:53-07:03Van Halen
81.4%
00:15-00:23Scorpions
81%
00:23-00:34Warrant
79.2%
00:59-01:08Bon Jovi
78.4%
01:21-01:38Skid Row
77.5%
07:49-08:03Journey
75.3%
02:03-02:21REO Speedwagon
74.5%
10:02-10:17Quiet Riot
74%
06:30-06:44Cinderella
73.2%
01:50-02:03Europe
72.3%
08:03-08:20Foreigner
70.1%
00:34-00:43White Lion
68.8%
01:38-01:50Heart
68.4%
09:49-10:02Kiss
65.8%
time band % Correct
09:13-09:29Survivor
65.4%
07:03-07:25Mr. Big
64.9%
00:43-00:59Extreme
64.5%
03:03-03:15Damn Yankees
63.6%
02:36-02:52Slaughter
61.9%
06:20-06:30Winger
61.9%
08:20-08:33Tesla
60.6%
05:38-06:04Queensrÿche
57.6%
04:14-04:32Vixen
55.8%
05:26-05:38Faith No More
54.5%
03:39-04:14Firehouse
54.1%
09:29-09:49Boston
52.8%
03:15-03:35Kix
51.9%
05:13-05:26Great White
51.1%
01:08-01:21Faster Pussycat
50.2%
07:35-07:49Nelson
46.3%
08:51-09:04Night Ranger
45%
08:33-08:51Bad English
37.2%
04:32-05:04Loverboy
27.7%
07:25-07:35Giant
18.2%
09:04-09:13Alias
13.9%

You're not logged in!

Compare scores with friends on all Sporcle quizzes.
Sign Up with Email
OR
Log In

You Might Also Like...

Show Comments

Extras

Top Quizzes Today


Score Distribution

Your Account Isn't Verified!

In order to create a playlist on Sporcle, you need to verify the email address you used during registration. Go to your Sporcle Settings to finish the process.